000
00321pam a2200133 a 4500
020
_c
041
_h
082
_a
658
_b
AGR
100
_a
AGARWAL R.G.,
245
_a
JOINT VENTURES ABROAD INDIAN EXPERIENCE
_h
Textual Documents
260
_a
NEW DELHI
_b
PUBLICATIONS DIVISION
_c
1984
300
_a
XIV+152
930
_a
8760
999
_c
128214
_d
128214